| 000 | 00360nam a2200145Ia 4500 | ||
|---|---|---|---|
| 008 | 231217s9999 xx 000 0 und d | ||
| 041 | _aEnglish | ||
| 082 | _a001.64404 NEW | ||
| 100 | _aNewby, Gregory B Ed | ||
| 245 | 0 | _aInternet yellow pages 1996-97 | |
| 260 |
_c1977 _bComdex |
||
| 300 | _axxxi+ 904 | ||
| 650 | _aInternet Yellow pages | ||
| 942 | _cAA | ||
| 999 |
_c165768 _d165768 |
||